The new age of innovation : driving cocreated value through global networks
Αποθηκεύτηκε σε:
| Κύριοι συγγραφείς: | , |
|---|---|
| Μορφή: | Βιβλίο |
| Γλώσσα: | English |
| Δημοσίευση: |
New York :
McGraw Hill,
c2008.
|
| Θέματα: | |
| Ετικέτες: |
Προσθήκη ετικέτας
Δεν υπάρχουν, Καταχωρήστε ετικέτα πρώτοι!
|
MARC
| LEADER | 00000cam a2200000 a 4500 | ||
|---|---|---|---|
| 001 | 1/115875 | ||
| 008 | 180209s2008####us | ||| |||| ||eng|| | ||
| 020 | |a 9780071598286 | ||
| 040 | |a GR-MyUa |b gre |c GR-MyUa |e AACR2 | ||
| 041 | 0 | |a eng | |
| 082 | 7 | |a 658.4012 |2 (23) | |
| 100 | 1 | |a Prahalad, C. K. | |
| 245 | 1 | 4 | |a The new age of innovation : |b driving cocreated value through global networks / |c C. K. Prahalad, M. S. Krishnan. |
| 260 | |a New York : |b McGraw Hill, |c c2008. | ||
| 300 | |a viii, 278 σ. ; |c 23 εκ. | ||
| 504 | |a Περιλαμβάνει βιβλιογραφικές παραπομπές και ευρετήριο. | ||
| 650 | 0 | |a Business planning. | |
| 650 | 0 | |a Strategic planning. | |
| 650 | 0 | |a Industrial management. | |
| 650 | 0 | |a Customer relations. | |
| 700 | 1 | |a Krishnan, M. S. |q (Mayuram S.) |e aut | |
| 852 | |a INST |b RHODES |e 20180209 |h 658.4012 PRA |p 005400039875 |q 005400039875 |t BK |y 0 | ||
| 970 | |z 09-02-2018 | ||